Reasssessing human resource management
Saved in:
| Other Authors: | , |
|---|---|
| Format: | Book |
| Language: | English |
| Published: |
London :
Sage Publications,
c1992
|
| Subjects: | |
| Tags: |
Add Tag
No Tags, Be the first to tag this record!
|
MARC
| LEADER | 00000cam a2200000 i 4500 | ||
|---|---|---|---|
| 001 | 1/55495 | ||
| 008 | 980415s1992 eng d | ||
| 020 | |a 080398698X | ||
| 035 | |l 10027859 | ||
| 040 | |a GR-MY-UA |b gre |e aacr | ||
| 041 | 0 | |a eng | |
| 082 | 0 | |a 658.3 | |
| 245 | 1 | 0 | |a Reasssessing human resource management / |c edited by: Paul Blyton, Peter Turnbull |
| 260 | |a London : |b Sage Publications, |c c1992 | ||
| 300 | |a ix, 270 p. | ||
| 504 | |a Includes index | ||
| 650 | 0 | 0 | |a Personnel management. |
| 700 | 1 | |a Blyton, Paul, |e edt | |
| 700 | 1 | |a Turnbull, Peter |q (Peter J.) |e edt | |
| 852 | |a INST |b CHIOS |e 19980415 |h 658.3 REA |p 005200009533 |q 005200009533 |t BK |y 0 | ||
| 901 | |a BIBL-1998-1 | ||
| 909 | |a Χ |b 054344 | ||
| 922 | |a 2ΕΛΗ |b 199803 |c ΤΔΕ |d ΠΑΠΑΣΩΤΗΡΙΟΥ | ||